{"text_format":"1","workbook":"xlsx","n_sheets":3,"sheets":["Formato","Instructivo de Diligenciamiento","Listas"],"not_rendered":{"charts":0,"images":3,"macros":1,"external_links":0,"defined_names":3,"comments":1,"pivot_tables":0},"unopened":[],"bounds":{"document_bytes":16777216,"sheet_cells":100000,"rows_first":2000,"rows_last":500,"rows_between":2000,"halvings":0,"cell_chars":16384,"cell_head_chars":4096},"cells_cut":0,"cells_raw":0,"read":"whole","date_system":"1900"}

{"sheet":"Formato","index":0,"n_rows":146,"n_cols":17,"rows_kept":146,"cut":false,"hidden":false,"merged":[[107,2,107,3],[107,8,107,9],[107,10,107,11],[107,16,107,17],[117,2,117,3],[117,8,117,9],[117,10,117,11],[117,16,117,17],[121,2,121,3],[121,8,121,9],[121,10,121,11],[121,16,121,17],[120,2,120,3],[120,8,120,9],[120,10,120,11],[120,16,120,17],[118,2,118,3],[118,8,118,9],[118,10,118,11],[118,16,118,17],[119,2,119,3],[119,8,119,9],[119,10,119,11],[119,16,119,17],[105,2,105,3],[105,8,105,9],[105,10,105,11],[105,16,105,17],[98,2,98,3],[98,8,98,9],[98,10,98,11],[98,16,98,17],[99,2,99,3],[99,8,99,9],[99,10,99,11],[99,16,99,17],[102,2,102,3],[102,8,102,9],[102,10,102,11],[102,16,102,17],[71,2,71,3],[71,8,71,9],[71,10,71,11],[71,16,71,17],[81,2,81,3],[81,8,81,9],[81,10,81,11],[81,16,81,17],[85,2,85,3],[85,8,85,9],[85,10,85,11],[85,16,85,17],[84,2,84,3],[84,8,84,9],[84,10,84,11],[84,16,84,17],[82,2,82,3],[82,8,82,9],[82,10,82,11],[82,16,82,17],[83,2,83,3],[83,8,83,9],[83,10,83,11],[83,16,83,17],[69,2,69,3],[69,8,69,9],[69,10,69,11],[69,16,69,17],[62,2,62,3],[62,8,62,9],[62,10,62,11],[62,16,62,17],[63,2,63,3],[63,8,63,9],[63,10,63,11],[63,16,63,17],[66,2,66,3],[66,8,66,9],[66,10,66,11],[66,16,66,17],[43,10,43,11],[43,16,43,17],[48,2,48,3],[48,8,48,9],[48,10,48,11],[48,16,48,17],[53,2,53,3],[53,8,53,9],[53,10,53,11],[53,16,53,17],[52,2,52,3],[52,8,52,9],[52,10,52,11],[52,16,52,17],[50,2,50,3],[50,8,50,9],[50,10,50,11],[50,16,50,17],[51,2,51,3],[51,8,51,9],[51,10,51,11],[51,16,51,17],[144,10,145,14],[144,1,144,3],[144,6,144,8],[145,1,145,3],[145,4,145,5],[145,6,145,8],[139,1,139,3],[139,11,141,13],[142,11,142,13],[142,1,142,3],[142,6,142,8],[132,0,132,17],[136,1,136,4],[136,5,136,7],[136,8,136,11],[137,1,137,4],[137,5,137,7],[137,8,137,11],[134,1,134,4],[134,5,134,7],[134,8,134,11],[135,1,135,4],[135,5,135,7],[135,8,135,11],[39,16,39,17],[129,6,129,7],[129,8,129,9],[39,10,39,11],[39,2,39,3],[39,8,39,9],[40,2,40,3],[40,8,40,9],[40,10,40,11],[40,16,40,17],[41,2,41,3],[41,8,41,9],[41,10,41,11],[41,16,41,17],[42,2,42,3],[42,8,42,9],[44,2,44,3],[44,8,44,9],[44,10,44,11],[44,16,44,17],[45,2,45,3],[45,8,45,9],[45,10,45,11],[45,16,45,17],[38,2,38,3],[38,16,38,17],[38,10,38,11],[37,10,37,17],[31,6,31,8],[31,11,31,13],[37,1,37,9],[31,1,31,2],[31,4,31,5],[31,9,31,10],[35,0,35,17],[37,0,38,0],[38,8,38,9],[27,6,27,8],[27,9,27,10],[27,11,27,13],[15,3,15,7],[27,4,27,5],[29,9,29,10],[21,1,21,13],[7,3,7,9],[9,1,9,2],[9,3,9,7],[7,12,7,13],[23,1,23,2],[23,4,23,8],[19,1,19,13],[29,1,29,2],[29,11,29,13],[17,1,17,13],[29,4,29,8],[15,1,15,2],[13,1,13,13],[27,1,27,2],[1,1,1,13],[7,1,7,2],[11,1,11,2],[23,9,23,13],[25,1,25,2],[25,4,25,5],[25,6,25,8],[25,9,25,10],[25,11,25,13],[11,3,11,9],[9,10,9,11],[9,12,9,13],[2,1,2,13],[4,1,5,3],[4,10,5,11],[4,7,5,9],[4,4,5,5],[54,2,54,3],[54,8,54,9],[54,10,54,11],[54,16,54,17],[55,2,55,3],[55,8,55,9],[55,10,55,11],[55,16,55,17],[42,10,42,11],[42,16,42,17],[49,2,49,3],[49,8,49,9],[49,10,49,11],[49,16,49,17],[46,2,46,3],[46,8,46,9],[46,10,46,11],[46,16,46,17],[47,2,47,3],[47,8,47,9],[47,10,47,11],[47,16,47,17],[43,2,43,3],[43,8,43,9],[56,2,56,3],[56,8,56,9],[56,10,56,11],[56,16,56,17],[57,2,57,3],[57,8,57,9],[57,10,57,11],[57,16,57,17],[61,2,61,3],[61,8,61,9],[61,10,61,11],[61,16,61,17],[60,2,60,3],[60,8,60,9],[60,10,60,11],[60,16,60,17],[58,2,58,3],[58,8,58,9],[58,10,58,11],[58,16,58,17],[59,2,59,3],[59,8,59,9],[59,10,59,11],[59,16,59,17],[67,2,67,3],[67,8,67,9],[67,10,67,11],[67,16,67,17],[64,2,64,3],[64,8,64,9],[64,10,64,11],[64,16,64,17],[65,2,65,3],[65,8,65,9],[65,10,65,11],[65,16,65,17],[74,2,74,3],[74,8,74,9],[74,10,74,11],[74,16,74,17],[75,2,75,3],[75,8,75,9],[75,10,75,11],[75,16,75,17],[68,2,68,3],[68,8,68,9],[68,10,68,11],[68,16,68,17],[73,2,73,3],[73,8,73,9],[73,10,73,11],[73,16,73,17],[72,2,72,3],[72,8,72,9],[72,10,72,11],[72,16,72,17],[70,2,70,3],[70,8,70,9],[70,10,70,11],[70,16,70,17],[78,2,78,3],[78,8,78,9],[78,10,78,11],[78,16,78,17],[79,2,79,3],[79,8,79,9],[79,10,79,11],[79,16,79,17],[76,2,76,3],[76,8,76,9],[76,10,76,11],[76,16,76,17],[77,2,77,3],[77,8,77,9],[77,10,77,11],[77,16,77,17],[86,2,86,3],[86,8,86,9],[86,10,86,11],[86,16,86,17],[87,2,87,3],[87,8,87,9],[87,10,87,11],[87,16,87,17],[80,2,80,3],[80,8,80,9],[80,10,80,11],[80,16,80,17],[90,2,90,3],[90,8,90,9],[90,10,90,11],[90,16,90,17],[91,2,91,3],[91,8,91,9],[91,10,91,11],[91,16,91,17],[88,2,88,3],[88,8,88,9],[88,10,88,11],[88,16,88,17],[89,2,89,3],[89,8,89,9],[89,10,89,11],[89,16,89,17],[92,2,92,3],[92,8,92,9],[92,10,92,11],[92,16,92,17],[93,2,93,3],[93,8,93,9],[93,10,93,11],[93,16,93,17],[97,2,97,3],[97,8,97,9],[97,10,97,11],[97,16,97,17],[96,2,96,3],[96,8,96,9],[96,10,96,11],[96,16,96,17],[94,2,94,3],[94,8,94,9],[94,10,94,11],[94,16,94,17],[95,2,95,3],[95,8,95,9],[95,10,95,11],[95,16,95,17],[103,2,103,3],[103,8,103,9],[103,10,103,11],[103,16,103,17],[100,2,100,3],[100,8,100,9],[100,10,100,11],[100,16,100,17],[101,2,101,3],[101,8,101,9],[101,10,101,11],[101,16,101,17],[110,2,110,3],[110,8,110,9],[110,10,110,11],[110,16,110,17],[111,2,111,3],[111,8,111,9],[111,10,111,11],[111,16,111,17],[104,2,104,3],[104,8,104,9],[104,10,104,11],[104,16,104,17],[109,2,109,3],[109,8,109,9],[109,10,109,11],[109,16,109,17],[108,2,108,3],[108,8,108,9],[108,10,108,11],[108,16,108,17],[106,2,106,3],[106,8,106,9],[106,10,106,11],[106,16,106,17],[114,2,114,3],[114,8,114,9],[114,10,114,11],[114,16,114,17],[115,2,115,3],[115,8,115,9],[115,10,115,11],[115,16,115,17],[112,2,112,3],[112,8,112,9],[112,10,112,11],[112,16,112,17],[113,2,113,3],[113,8,113,9],[113,10,113,11],[113,16,113,17],[122,2,122,3],[122,8,122,9],[122,10,122,11],[122,16,122,17],[123,2,123,3],[123,8,123,9],[123,10,123,11],[123,16,123,17],[116,2,116,3],[116,8,116,9],[116,10,116,11],[116,16,116,17],[126,2,126,3],[126,8,126,9],[126,10,126,11],[126,16,126,17],[127,2,127,3],[127,8,127,9],[127,10,127,11],[127,16,127,17],[124,2,124,3],[124,8,124,9],[124,10,124,11],[124,16,124,17],[125,2,125,3],[125,8,125,9],[125,10,125,11],[125,16,125,17]]}
[]
[null,"FORMATO PARA MODIFICACIÓN DE ÓRDENES DE COMPRA"]
[null,"Tienda Virtual del Estado Colombiano"]
[]
[null,"Número de Orden de Compra a modificar:",null,null,14233,null,null,"Número de modificación de la Orden de Compra:",null,null,1]
[]
[]
[null,"Entidad Compradora:",null,"COMANDO GENERAL DE LAS FUERZAS MILITARES",null,null,null,null,null,null,null,"NIT:",800230729]
[]
[null,"Nombre del solicitante:",null,"TC. VERONICA PEDRAZA MARTINEZ ",null,null,null,null,null,null,"Teléfono de contacto:",null,3150111]
[]
[null,"Proveedor :",null,"INSTITUCIONAL STAR SERVICE LTDA"]
[]
[null,"Sección 1: Tipo de acción"]
[]
[null,"Tipo",null,"Modificación de la Orden de Compra"]
[]
[null,"Sección 2: Justificación de la modificación o de las acciones a realizar"]
[]
[null,"Teniendo en cuenta que se lleva ejecutado un 83,79% de la orden de compra y con el fin de garantizar el suministro de elementos de papeleria, utiles de escritorio y oficina a las dependencias del Comando General FF.MM, en el segundo semestre del año, se hace necesario adicionar en presupuesto la O. C. valor $ 40.573.755,22 con Iva incluido."]
[]
[null,"Sección 3:  Modificación información general"]
[]
[null,"Nombre del campo",null,"¿Requiere modificación Si/No?","Datos actuales",null,null,null,null,"Nuevos datos"]
[]
[null,"Actualizar supervisor",null,"NO","Nombre del supervisor actual",null,0,null,null,"Nombre nuevo supervisor"]
[]
[null,"Dirección y/o teléfono Supervisor",null,"NO","Teléfono actual supervisor",null,0,null,null,"Teléfono nuevo supervisor"]
[]
[null,"Fecha de vencimiento",null,"NO","   La fecha vencimiento actual se tomará de la TVEC al momento del cambio",null,null,null,null,"Nueva fecha de vencimiento"]
[]
[null,"Dirección y/o teléfono Entidad",null,"NO","Dirección / teléfono actual Entidad",null,0,null,null,"Nueva dirección / teléfono Entidad"]
[]
[]
[]
["Sección 4: Modificación de artículos y servicios"]
[]
["Tipo de modificación","Información actual",null,null,null,null,null,null,null,null,"Nueva información"]
[null,"Número de la línea según O.C.","Nombre del artículo",null,"Cantidad","Unidad de medida","Precio unitario","Total","Información presupuestal",null,"Nombre del artículo",null,"Cantidad","Unidad de medida","Precio unitario","Total","Información presupuestal"]
["Modificación de artículo o servicio",1,"Almohadilla Dactilar",null,300,"Unidad",1100,{"$f":"ROUND(E40*G40, 2)","v":330000},20317,null,{"$f":"C40","v":"Almohadilla Dactilar"},null,380,"Unidad",1100,{"$f":"ROUND(M40*O40, 2)","v":418000},20317]
["Modificación de artículo o servicio",2,"Almohadilla Para Sello Recargable",null,150,"Unidad",1400,210000,20317,null,"Almohadilla Para Sello Recargable",null,210,"Unidad",1400,294000,20317]
["Modificación de artículo o servicio",3,"Archivador De Fuelle En Yute",null,60,"Unidad",8100,486000,20317,null,"Archivador De Fuelle En Yute",null,90,"Unidad",8100,729000,20317]
["Modificación de artículo o servicio",4,"Bandas Elásticas Ref. 22 X 25G",null,1100,"Caja",249,273900,20317,null,"Bandas Elásticas Ref. 22 X 25G",null,1415,"Caja",249,352335,20317]
["Modificación de artículo o servicio",5,"Banderitas-Mini-Banderitas- Señales Autoadhesivas",null,4750,"Unidad",850,4037500,20317,null,"Banderitas-Mini-Banderitas- Señales Autoadhesivas",null,6850,"Unidad",850,5822500,20317]
["Modificación de artículo o servicio",6,"Bisturí 18Mm Metálico",null,50,"Unidad",800,40000,20317,null,"Bisturí 18Mm Metálico",null,60,"Unidad",800,48000,20317]
["Modificación de artículo o servicio",7,"Bisturí 18Mm Plástico",null,300,"Unidad",505,151500,20317,null,"Bisturí 18Mm Plástico",null,800,"Unidad",505,404000,20317]
["Modificación de artículo o servicio",8,"Block Amarillo Cuadriculado ",null,1000,"Unidad",1000,1000000,20317,null,"Block Amarillo Cuadriculado ",null,1100,"Unidad",1000,1100000,20317]
["Modificación de artículo o servicio",9,"Block Amarillo Rayado ",null,500,"Unidad",1000,500000,20317,null,"Block Amarillo Rayado ",null,600,"Unidad",1000,600000,20317]
["Modificación de artículo o servicio",10,"Bolígrafo Azul ",null,6000,"Unidad",170,1020000,20317,null,"Bolígrafo Azul ",null,6500,"Unidad",170,1105000,20317]
["Modificación de artículo o servicio",11,"Bolígrafo Negro",null,10000,"Unidad",170,1700000,20317,null,"Bolígrafo Negro",null,11300,"Unidad",170,1921000,20317]
["Modificación de artículo o servicio",12,"Bolígrafo Rojo",null,6000,"Unidad",170,1020000,20317,null,"Bolígrafo Rojo",null,6800,"Unidad",170,1156000,20317]
["Modificación de artículo o servicio",13,"Borrador De Nata",null,1000,"Unidad",238,238000,20317,null,"Borrador De Nata",null,1300,"Unidad",238,309400,20317]
["Modificación de artículo o servicio",14,"Borrador Para Tablero",null,80,"Unidad",956,76480,20317,null,"Borrador Para Tablero",null,120,"Unidad",956,114720,20317]
["Modificación de artículo o servicio",15,"Caballete O Trípode Para Tablero Acrílico ",null,10,"Unidad",43000,430000,20317,null,"Caballete O Trípode Para Tablero Acrílico ",null,18,"Unidad",43000,774000,20317]
["Modificación de artículo o servicio",16,"Caja Para Archivo Central Referencia X-200",null,6000,"Unidad",1000,6000000,20317,null,"Caja Para Archivo Central Referencia X-200",null,6400,"Unidad",1000,6400000,20317]
["Modificación de artículo o servicio",17,"Caja Para Archivo Referencia X-300",null,1600,"Unidad",2000,3200000,20317,null,"Caja Para Archivo Referencia X-300",null,1670,"Unidad",2000,3340000,20317]
["Modificación de artículo o servicio",20,"Carpeta Presentación Carta",null,120,"20 Unidades",2800,336000,20317,null,"Carpeta Presentación Carta",null,260,"20 Unidades",2800,728000,20317]
["Modificación de artículo o servicio",21,"Carpeta Presentación Oficio Plastificado Mate",null,70,"20 Unidades",3500,245000,20317,null,"Carpeta Presentación Oficio Plastificado Mate",null,140,"20 Unidades",3500,490000,20317]
["Modificación de artículo o servicio",22,"Carpeta Tipo 4 Aletas En Cartulina Desacidificada",null,29000,"Unidad",600,17400000,20317,null,"Carpeta Tipo 4 Aletas En Cartulina Desacidificada",null,33000,"Unidad",600,19800000,20317]
["Modificación de artículo o servicio",23,"Carpeta Tipo Catálogo 0.5 Pulg",null,600,"Unidad",3200,1920000,20317,null,"Carpeta Tipo Catálogo 0.5 Pulg",null,750,"Unidad",3200,2400000,20317]
["Modificación de artículo o servicio",24,"Carpeta Tipo Catálogo 1 Pulg",null,250,"Unidad",3800,950000,20317,null,"Carpeta Tipo Catálogo 1 Pulg",null,380,"Unidad",3800,1444000,20317]
["Modificación de artículo o servicio",25,"Carpeta Tipo Catálogo 2 Pulg",null,60,"Unidad",6486,389160,20317,null,"Carpeta Tipo Catálogo 2 Pulg",null,90,"Unidad",6486,583740,20317]
["Modificación de artículo o servicio",26,"Carpeta Tipo Catálogo 3 Pulg",null,20,"Unidad",8108,162160,20317,null,"Carpeta Tipo Catálogo 3 Pulg",null,35,"Unidad",8108,283780,20317]
["Modificación de artículo o servicio",27,"Cartulina Carta Surtido",null,50,"Paquete X 100",5217,260850,20317,null,"Cartulina Carta Surtido",null,55,"Paquete X 100",5217,286935,20317]
["Modificación de artículo o servicio",28,"Cartulina Oficio Blanca",null,30,"Paquete X 100",5640,169200,20317,null,"Cartulina Oficio Blanca",null,35,"Paquete X 100",5640,197400,20317]
["Modificación de artículo o servicio",30,"Cera Para Contar - Cera Dactilar Cuenta Fácil ",null,300,"Unidad",823,246900,20317,null,"Cera Para Contar - Cera Dactilar Cuenta Fácil ",null,500,"Unidad",823,411500,20317]
["Modificación de artículo o servicio",31,"Chinches X 50",null,100,"Caja X 50",497,49700,20317,null,"Chinches X 50",null,200,"Caja X 50",497,99400,20317]
["Modificación de artículo o servicio",32,"Cinta Adhesiva De Empaque En Rollo",null,500,"Unidad - Rollo",2474,1237000,20317,null,"Cinta Adhesiva De Empaque En Rollo",null,1600,"Unidad - Rollo",2474,3958400,20317]
["Modificación de artículo o servicio",33,"Cinta Adhesiva Mágica",null,30,"Unidad - Rollo",3170,95100,20317,null,"Cinta Adhesiva Mágica",null,50,"Unidad - Rollo",3170,158500,20317]
["Modificación de artículo o servicio",34,"Cinta Adhesiva Para Enmascarar 12Mm",null,150,"Unidad - Rollo",1226,183900,20317,null,"Cinta Adhesiva Para Enmascarar 12Mm",null,270,"Unidad - Rollo",1226,331020,20317]
["Modificación de artículo o servicio",35,"Cinta Adhesiva Transparente",null,500,"Unidad - Rollo",459,229500,20317,null,"Cinta Adhesiva Transparente",null,900,"Unidad - Rollo",459,413100,20317]
["Modificación de artículo o servicio",36,"Clip Estándar Pequeño Plastificado X 100",null,200,"Caja X 100",1586,{"$f":"ROUND(E72*G72, 2)","v":317200},20317,null,{"$f":"C72","v":"Clip Estándar Pequeño Plastificado X 100"},null,700,"Caja X 100",1586,{"$f":"ROUND(M72*O72, 2)","v":1110200},20317]
["Modificación de artículo o servicio",37,"Clip Mariposa Gigante X 12",null,250,"Caja X 12",1382,345500,20317,null,"Clip Mariposa Gigante X 12",null,350,"Caja X 12",1382,483700,20317]
["Modificación de artículo o servicio",38,"Corrector Líquido En Lápiz",null,200,"Unidad",838,167600,20317,null,"Corrector Líquido En Lápiz",null,550,"Unidad",838,460900,20317]
["Modificación de artículo o servicio",39,"Cosedora De Oficina 20 Hojas",null,150,"Unidad",5000,750000,20317,null,"Cosedora De Oficina 20 Hojas",null,280,"Unidad",5000,1400000,20317]
["Modificación de artículo o servicio",40,"Cosedora Eléctrica",null,2,"Unidad",100000,200000,20317,null,"Cosedora Eléctrica",null,4,"Unidad",100000,400000,20317]
["Modificación de artículo o servicio",41,"Cosedora Semindustrial",null,2,"Unidad",19333,38666,20317,null,"Cosedora Semindustrial",null,9,"Unidad",19333,173997,20317]
["Modificación de artículo o servicio",42,"Estuche Acrílico Para Cd/Dvd De 12 Cm",null,1000,"Unidad",501,501000,20317,null,"Estuche Acrílico Para Cd/Dvd De 12 Cm",null,1100,"Unidad",501,551100,20317]
["Modificación de artículo o servicio",44,"Funda Protectora De Plástico Tamaño Carta X 100 Unidades",null,200,"100 Unidades",6000,1200000,20317,null,"Funda Protectora De Plástico Tamaño Carta X 100 Unidades",null,400,"100 Unidades",6000,2400000,20317]
["Modificación de artículo o servicio",45,"Funda Protectora De Plástico Tamaño Oficio X 100 Unidades",null,50,"100 Unidades",6000,300000,20317,null,"Funda Protectora De Plástico Tamaño Oficio X 100 Unidades",null,150,"100 Unidades",6000,900000,20317]
["Modificación de artículo o servicio",46,"Gancho No 23/14 Caja X 1000",null,300,"Caja X 1000",1600,480000,20317,null,"Gancho No 23/14 Caja X 1000",null,450,"Caja X 1000",1600,720000,20317]
["Modificación de artículo o servicio",47,"Grapa No. 26/6 Caja X 5000 ",null,400,"Caja X 5000",1467,586800,20317,null,"Grapa No. 26/6 Caja X 5000 ",null,550,"Caja X 5000",1467,806850,20317]
["Modificación de artículo o servicio",48,"Guía En Cartulina Carta Paquete X 5",null,150,"Paquete X 5",341,51150,20317,null,"Guía En Cartulina Carta Paquete X 5",null,550,"Paquete X 5",341,187550,20317]
["Modificación de artículo o servicio",49,"Guía En Cartulina Oficio Paquete X 5",null,40,"Paquete X 5",410,16400,20317,null,"Guía En Cartulina Oficio Paquete X 5",null,140,"Paquete X 5",410,57400,20317]
["Modificación de artículo o servicio",50,"Guillotina Manual Corte De Minimo 12 Hojas",null,3,"Unidad",77785,233355,20317,null,"Guillotina Manual Corte De Minimo 12 Hojas",null,5,"Unidad",77785,388925,20317]
["Modificación de artículo o servicio",51,"Lápiz De Chequeo Mina Roja ",null,6000,"Unidad",180,1080000,20317,null,"Lápiz De Chequeo Mina Roja ",null,6500,"Unidad",180,1170000,20317]
["Modificación de artículo o servicio",52,"Lápiz De Escritura Mina Negra",null,1000,"12 Unidades",1500,1500000,20317,null,"Lápiz De Escritura Mina Negra",null,2000,"12 Unidades",1500,3000000,20317]
["Modificación de artículo o servicio",54,"Libro De Actas 100 Folios",null,150,"Unidad",4371,655650,20317,null,"Libro De Actas 100 Folios",null,210,"Unidad",4371,917910,20317]
["Modificación de artículo o servicio",55,"Libro De Actas 200 Folios",null,150,"Unidad",6880,1032000,20317,null,"Libro De Actas 200 Folios",null,250,"Unidad",6880,1720000,20317]
["Modificación de artículo o servicio",56,"Libro De Actas 300 Folios",null,100,"Unidad",10642,1064200,20317,null,"Libro De Actas 300 Folios",null,200,"Unidad",10642,2128400,20317]
["Modificación de artículo o servicio",58,"Manecilla Doble Clip 2 Pulg Caja X 12",null,20,"Caja X 12",4000,80000,20317,null,"Manecilla Doble Clip 2 Pulg Caja X 12",null,23,"Caja X 12",4000,92000,20317]
["Modificación de artículo o servicio",59,"Manecilla Doble Clip 1 Pulg Caja X 12",null,20,"Caja X 12",1525,30500,20317,null,"Manecilla Doble Clip 1 Pulg Caja X 12",null,23,"Caja X 12",1525,35075,20317]
["Modificación de artículo o servicio",60,"Manecilla Doble Clip 1/2 Pulg Caja X 12",null,20,"Caja X 12",890,17800,20317,null,"Manecilla Doble Clip 1/2 Pulg Caja X 12",null,23,"Caja X 12",890,20470,20317]
["Modificación de artículo o servicio",61,"Marcador Borrable Desechable",null,6000,"Unidad",550,3300000,20317,null,"Marcador Borrable Desechable",null,7000,"Unidad",550,3850000,20317]
["Modificación de artículo o servicio",62,"Marcador Permanente ",null,800,"Unidad",480,384000,20317,null,"Marcador Permanente ",null,1300,"Unidad",480,624000,20317]
["Modificación de artículo o servicio",63,"Marcador Permanente Punta Delgada",null,1000,"Unidad",842,842000,20317,null,"Marcador Permanente Punta Delgada",null,1400,"Unidad",842,1178800,20317]
["Modificación de artículo o servicio",65,"Memoria Usb ",null,500,"Unidad",9000,4500000,20317,null,"Memoria Usb ",null,600,"Unidad",9000,5400000,20317]
["Modificación de artículo o servicio",66,"Mina Para Portaminas 0,7 Mm",null,500,"Unidad",352,176000,20317,null,"Mina Para Portaminas 0,7 Mm",null,900,"Unidad",352,316800,20317]
["Modificación de artículo o servicio",67,"Notas Autoadhesivas Estándar/ Taco/ Bloque/ Cubo De Minimo 100 Hojas",null,5000,"Unidad",800,4000000,20317,null,"Notas Autoadhesivas Estándar/ Taco/ Bloque/ Cubo De Minimo 100 Hojas",null,6250,"Unidad",800,5000000,20317]
["Modificación de artículo o servicio",68,"Numerador Entintado Manual 8 Dígitos",null,50,"Unidad",2667,133350,20317,null,"Numerador Entintado Manual 8 Dígitos",null,70,"Unidad",2667,186690,20317]
["Modificación de artículo o servicio",69,"Padmouse",null,50,"Unidad",6500,325000,20317,null,"Padmouse",null,65,"Unidad",6500,422500,20317]
["Modificación de artículo o servicio",70,"Papel Bond 75G Carta Caja X 10 Resmas",null,600,"10 Resmas",73000,43800000,20317,null,"Papel Bond 75G Carta Caja X 10 Resmas",null,635,"10 Resmas",73000,46355000,20317]
["Modificación de artículo o servicio",71,"Papel Bond 75G Oficio Caja X 10 Resmas",null,120,"10 Resmas",80000,9600000,20317,null,"Papel Bond 75G Oficio Caja X 10 Resmas",null,135,"10 Resmas",80000,10800000,20317]
["Modificación de artículo o servicio",72,"Papel Contact Colores",null,10,"Rollo X 20 Metros",27044,{"$f":"ROUND(E104*G104, 2)","v":270440},20317,null,{"$f":"C104","v":"Papel Contact Colores"},null,12,"Rollo X 20 Metros",27044,{"$f":"ROUND(M104*O104, 2)","v":324528},20317]
["Modificación de artículo o servicio",73,"Papel Contact Transparente",null,81,"Rollo X 20 Metros",21000,1701000,20317,null,"Papel Contact Transparente",null,96,"Rollo X 20 Metros",21000,2016000,20317]
["Modificación de artículo o servicio",74,"Papel Para Plotter",null,15,"Rollo",36341,545115,20317,null,"Papel Para Plotter",null,20,"Rollo",36341,726820,20317]
["Modificación de artículo o servicio",75,"Pegante En Barra",null,2000,"Unidad",1250,2500000,20317,null,"Pegante En Barra",null,2300,"Unidad",1250,2875000,20317]
["Modificación de artículo o servicio",76,"Pegante Instantáneo",null,100,"Unidad",2981,298100,20317,null,"Pegante Instantáneo",null,200,"Unidad",2981,596200,20317]
["Modificación de artículo o servicio",77,"Pegante Líquido 225G",null,1000,"Unidad",1125,1125000,20317,null,"Pegante Líquido 225G",null,1350,"Unidad",1125,1518750,20317]
["Modificación de artículo o servicio",78,"Perforadora Para Oficina De 2 Huecos ",null,150,"Unidad",5000,750000,20317,null,"Perforadora Para Oficina De 2 Huecos ",null,270,"Unidad",5000,1350000,20317]
["Modificación de artículo o servicio",79,"Perforadora Semindustrial 2 Huecos ",null,9,"Unidad",12000,108000,20317,null,"Perforadora Semindustrial 2 Huecos ",null,12,"Unidad",12000,144000,20317]
["Modificación de artículo o servicio",80,"Pilas Alcalinas Aa No Recargables Par",null,100,"Dos Pilas",2277,227700,20317,null,"Pilas Alcalinas Aa No Recargables Par",null,400,"Dos Pilas",2277,910800,20317]
["Modificación de artículo o servicio",81,"Pilas Alcalinas Aaa No Recargables",null,500,"Dos Pilas",2069,1034500,20317,null,"Pilas Alcalinas Aaa No Recargables",null,800,"Dos Pilas",2069,1655200,20317]
["Modificación de artículo o servicio",83,"Portaminas 0,7Mm",null,150,"Unidad",529,79350,20317,null,"Portaminas 0,7Mm",null,300,"Unidad",529,158700,20317]
["Modificación de artículo o servicio",84,"Regla Metálica",null,350,"Unidad",800,280000,20317,null,"Regla Metálica",null,500,"Unidad",800,400000,20317]
["Modificación de artículo o servicio",85,"Resaltador Desechable",null,7000,"Unidad",450,3150000,20317,null,"Resaltador Desechable",null,8500,"Unidad",450,3825000,20317]
["Modificación de artículo o servicio",87,"Rotulo Adhesivo Para Cd/Dvd 118 Mm Sobre De 30 Hojas",null,20,"30 Hojas",15000,300000,20317,null,"Rotulo Adhesivo Para Cd/Dvd 118 Mm Sobre De 30 Hojas",null,25,"30 Hojas",15000,375000,20317]
["Modificación de artículo o servicio",88,"Sacaganchos Para Grapa",null,150,"Unidad",1133,169950,20317,null,"Sacaganchos Para Grapa",null,450,"Unidad",1133,509850,20317]
["Modificación de artículo o servicio",89,"Silicona Liquida",null,200,"Unidad",1500,300000,20317,null,"Silicona Liquida",null,250,"Unidad",1500,375000,20317]
["Modificación de artículo o servicio",91,"Sobre De Felpa Para Cd",null,5000,"Unidad",44,220000,20317,null,"Sobre De Felpa Para Cd",null,8006,"Unidad",44,352264,20317]
["Modificación de artículo o servicio",92,"Sobre De Manila Carta Paquete X 100",null,200,"100 Unidades",4000,800000,20317,null,"Sobre De Manila Carta Paquete X 100",null,350,"100 Unidades",4000,1400000,20317]
["Modificación de artículo o servicio",93,"Sobre De Manila Oficio Paquete X 100",null,80,"100 Unidades",5000,400000,20317,null,"Sobre De Manila Oficio Paquete X 100",null,180,"100 Unidades",5000,900000,20317]
["Modificación de artículo o servicio",94,"Tabla Planillera",null,30,"Unidad",2111,63330,20317,null,"Tabla Planillera",null,35,"Unidad",2111,73885,20317]
["Modificación de artículo o servicio",95,"Tablero En Acrílico ",null,9,"Unidad",43000,387000,20317,null,"Tablero En Acrílico ",null,19,"Unidad",43000,817000,20317]
["Modificación de artículo o servicio",96,"Tajalápiz",null,150,"Unidad",394,59100,20317,null,"Tajalápiz",null,330,"Unidad",394,130020,20317]
["Modificación de artículo o servicio",97,"Tijeras Punta Roma ",null,120,"Unidad",987,118440,20317,null,"Tijeras Punta Roma ",null,270,"Unidad",987,266490,20317]
["Modificación de artículo o servicio",98,"Tinta Para Sello 28 A 30 Cc Negro",null,150,"Unidad",1000,150000,20317,null,"Tinta Para Sello 28 A 30 Cc Negro",null,220,"Unidad",1000,220000,20317]
["Modificación de artículo o servicio",99,"Tinta Para Sello X 28 A 30 C.C. Roja",null,20,"Unidad",1000,20000,20317,null,"Tinta Para Sello X 28 A 30 C.C. Roja",null,50,"Unidad",1000,50000,20317]
[]
[null,null,null,null,null,null,"Cantidad de celdas a agregar:"]
[]
[]
["Sección 5: Resultados de la modificación"]
[]
["Número de la línea según O.C.","Nombre del artículo",null,null,null,"Valores actuales",null,null,"Nuevos valores"]
[null,"Valor de la línea IVA en la Orden de Compra:",null,null,null,{"$f":"ROUND(M136, 2)","v":26205837.780000001},null,null,32430134.800000001,null,null,null,26205837.780000001]
[null,"Valor de la línea AIU en la Orden de Compra:"]
[null,"Valor de la línea gravámenes adicionales en la Orden de Compra:"]
[]
[null,null,null,null,null,null,null,null,null,null,null,"2017-07-11"]
[]
[]
[null,"Firma ordenador del gasto",null,null,null,null,"Firma de Proveedor",null,null,null,null,"Fecha de elaboración"]
[]
["Nombre:","TC. VERONICA PEDRAZA MARTINEZ",null,null,null,"Nombre:","LILIANA YANNETH UNIBIO CAMARGO",null,null,null,"Las partes manifestamos que este mismo documento se cargará en la plataforma en formato Excel (.xlsm) y los cambios se pueden validar con el mismo."]
["Documento de Identidad:",46669627,null,null,"Documento de Identidad:",null,52531242]

{"sheet":"Instructivo de Diligenciamiento","index":1,"n_rows":4,"n_cols":2,"rows_kept":4,"cut":false,"hidden":false,"merged":[[3,1,82,10]]}
[]
[]
[]
[null,"Instrucciones de diligenciamiento:\n\nColombia Compra Eficiente ha diseñado este formato para que las Entidades Compradoras puedan realizar aclaraciones, modificaciones, cancelaciones o terminaciones y liquidaciones de las Órdenes de Compra que estén en ejecución y vigentes, o ejecutadas. Para ello debe indicar:\n\nDatos generales: Datos básicos como número de la Orden de Compra que requiere cambiar, número consecutivo de solicitud tenga en cuenta que la primera solicitud corresponderá a la número “1”, nombre de la Entidad Compradora, nombre de la persona que solicita las acciones, celular o número de teléfono y extensión, NIT de la Entidad Compradora y el nombre del Proveedor que ejecuta la Orden de Compra.\n\nSección 1. Tipo de acción: Las Entidades pueden solicitar cuatro tipos de acciones respecto de las Órdenes de Compra:\n\n(i) Aclaraciones: Son las indicaciones de cambio de información que no afectan el plazo, el valor o las condiciones contractuales de las Órdenes de Compra como: redacción en las condiciones de entrega, errores de digitación  o rectificación de la fecha de vencimiento. Estas aclaraciones no requieren de la aceptación del Proveedor. Sin embargo una vez realizada la aclaración en la Orden de Compra, la Entidad Compradora debe notificarle al Proveedor el cambio. \n\n(ii) Modificaciones: Son indicaciones de cambio en aumento o disminución de valor o plazo,  aumento o disminución de los bienes o servicios solicitados, cambios en las condiciones de ejecución o datos que afecten la ejecución de la Orden de Compra. Solo en los casos de cambio de supervisor y datos de notificación como dirección o teléfono se puede omitir la firma del Proveedor. Sin embargo una vez realizada la modificación, la Entidad Compradora debe notificarle al Proveedor el cambio.\n\n(iii) Cancelación: Es la manifestación de la Entidad de no iniciar la ejecución de la Orden de Compra la cual también debe ser aceptada por el Proveedor.\n\n(iv) Terminación y Liquidación: Este tipo de acción es mediante la cual una Entidad Compradora formaliza la terminación y liquidación de las obligaciones derivadas de la Orden de Compra y así establece las acreencias pendientes a favor o en contra de cada parte de la Orden de Compra, también sirve para aclarar la ejecución de la misma o realizar la terminación anticipada en caso de que las partes así lo deseen. Este tipo de acción se debe aplicar dentro de los términos establecidos en cada Acuerdo Marco de Precios, para lo cual se requiere la solicitud por parte de la Entidad Compradora firmada por el Ordenador del Gasto y el representante legal del Proveedor, así como el informe del supervisor de la Orden de Compra. \n\nSección 2.  Justificación: Las razones de la realización del cambio de la Orden de Compra.\n\nSección 3. Modificación información general: la idea en esta sección es indicar cuales son los datos de información general de la orden de compra que requiere cambiar\n\nSección 4. Modificación de artículos o servicios: esta sección unicamente aplica en caso de que la acción a realizar sea modificar o terminar y liquidar la orden de compra, allí deberá indicar el tipo de midificación que desea realizar e ingresar o modificar los articulos que desea ajustar. Al momento de diligenciar esta sección tenga en cuenta las siguientes recomendaciones:\n\n(i) Las correcciones en el plazo de ejecución son diferentes a las modificaciones en el plazo, ejemplo: la Entidad Compradora adquirió elementos con tres entregas parciales pero digitó como fecha final de la Orden de Compra la fecha de la primera entrega, para corregir esto la Entidad Compradora selecciona en tipo de acción: aclaración y en el campo de fecha de vencimiento indica la fecha correcta. En el caso que fuera cambio de fecha fin, ejemplo: prorrogar o disminuir varios meses la ejecución de la Orden de Compra se utiliza en tipo de acción: modificación.\n\n(ii) para la realización de las modificaciones tenga en cuenta las secciones de modificación de cada una de las guías de compra\n\n(iii) los valores y cantidades solo pueden tener hasta dos decimales.\n\n(iv) la decisión de modificar, adicionar o combinar las dos opciones dependerá de las necesidades de cada Entidad Compradora, ejemplo si es un servicio y adicionalmente solo requiere modificar “cantidad” se recomienda seleccionar “modificación de artículo”, cuando son bienes puede modificar cualquiera de los demás campos.\n\n(v) si requiere cambio de condiciones de un servicio ya ejecutado se recomienda modificar la línea para que se refleje la parte ejecutada y adicionar una nueva línea para las nuevas condiciones del servicio que va a ejecutar.\n\nSección 5. Resultados de la modificación: La entidad siempre debe indicar en el recuadro el valor total del IVA, AIU, gravámenes adicionales, estos campos serán los valores finales que quedarán en la Orden de Compra después de la modificación, tenga en cuenta que el campo de IVA no aplica para algunos AMP como: papelería, vehículos y SOAT y que el campo de AIU solo aplica para aseo y cafetería.\n\nFirmas del documento: El ordenador del gasto de la Entidad Compradora debe firmar el documento y enviarlo al Proveedor para que lo acepte y firme, en caso de que así se requiera. El documento firmado debe ser enviado a través del aplicativo dispuesto por   Colombia Compra Eficiente para realizar las acciones solicitadas.\n\nFecha de elaboración del documento: Corresponde a la fecha en la que la Entidad Compradora y el Proveedor llegaron a un acuerdo para realizar las acciones y se suscribe el documento, recuerde que: (i) para poder realizar modificaciones en las Órdenes de Compra las mismas se deben acordar dentro de la vigencia de la Orden de Compra, (ii) Las órdenes de compra no se podrán modificar si ya se encuentran vencidas, (iii) Se da por realizada la modificación o acción que requiera realizar la Entidad, desde le momento en que las partes la firmen. Colombia Compra Eficiente lo único que realiza en la Tienda Virtual es el proceso de publicación de la modificación o ajuste que las partes hayan acordado a través de la firma de este documento. \n\nSi la Entidad Compradora requiere agregar archivos que estén relacionados con las acciones a realizar como: copia del CDP y/o aprobación de Vigencia Futura (VF) que soporta la adición, soportes documentales, correos, cartas, etc... debe publicarlos junto con el documento de modificación suscrito en un único archivo .Pdf con alta resolución de escaneo, si el documento no es legible se tomaran los cambios contenidos en el formato Excel, tenga en cuenta que Colombia Compra Eficiente únicamente publicará las modificaciones especificadas en el formato enviado por el aplicativo.\n\n"]

{"sheet":"Listas","index":2,"n_rows":5,"n_cols":3,"rows_kept":5,"cut":false,"hidden":true,"merged":[]}
["TipoDeModificacion",null,"Modificacion"]
["Modificación de la Orden de Compra",null,"Modificación de artículo o servicio"]
["Aclaración a la Orden de Compra",null,"Agregar nuevo artículo o servicio"]
["Cancelación de la Orden de Compra",null,"Eliminar artículo o servicio"]
["Terminación y Liquidación de la Orden de Compra",null,"Ninguna"]